000
00275nam a22000977a 4500
008
240921b |||||||| |||| 00| 0 eng d
020
_a
9789359588933
100
_a
Oswaal Books
245
_a
CTET Solved Papers (Mathematics & Science) Classes 6to 8)
260
_a
New Delhi
_b
Oswaal
999
_c
12693
_d
12693